<?xml version="1.0" encoding="UTF-8"?>
<collection xmlns="http://www.loc.gov/MARC21/slim">
 <record>
  <leader>01163nam a2200181   4500</leader>
  <controlfield tag="001">1/26791</controlfield>
  <controlfield tag="008">050623s1998    lu           n00010 gre  </controlfield>
  <datafield tag="020" ind1=" " ind2=" ">
   <subfield code="a">9882415856</subfield>
  </datafield>
  <datafield tag="035" ind1=" " ind2=" ">
   <subfield code="l">28641</subfield>
  </datafield>
  <datafield tag="082" ind1="0" ind2="0">
   <subfield code="a">ΚΕΤ 341.76 ΚΕΙ</subfield>
  </datafield>
  <datafield tag="245" ind1="0" ind2="0">
   <subfield code="a">Κείμενα σχετικά με τον πολιτιστικό τομέα στο επίπεδο της Ευρωπαϊκής Ένωσης/</subfield>
   <subfield code="c">Συμβούλιο της Ευρωπαικής Ένωσης. Γενική Γραμματεία</subfield>
  </datafield>
  <datafield tag="260" ind1=" " ind2=" ">
   <subfield code="a">Λουξεμβούργο:</subfield>
   <subfield code="b">Υπηρεσία Επισήμων Εκδόσεων των Ευρωπαικών Κοινοτήτων,</subfield>
   <subfield code="c">1998</subfield>
  </datafield>
  <datafield tag="300" ind1=" " ind2=" ">
   <subfield code="a">249 σ.;</subfield>
   <subfield code="c">30 εκ.</subfield>
  </datafield>
  <datafield tag="500" ind1=" " ind2=" ">
   <subfield code="a">Συμπλήρωμα αριθ. 1 (1993-1997) της πρώτης έκδοσης</subfield>
  </datafield>
  <datafield tag="650" ind1=" " ind2="4">
   <subfield code="a">Ευρωπαϊκή Ένωση, Χώρες της</subfield>
   <subfield code="x">Πολιτιστική πολιτική.</subfield>
  </datafield>
  <datafield tag="650" ind1=" " ind2="4">
   <subfield code="a">Ευρωπαϊκή Ένωση, Χώρες της</subfield>
   <subfield code="x">Πολιτισμός.</subfield>
  </datafield>
  <datafield tag="710" ind1="2" ind2=" ">
   <subfield code="a">Συμβούλιο της Ευρωπαϊκής Ένωσης.</subfield>
  </datafield>
  <datafield tag="852" ind1=" " ind2=" ">
   <subfield code="a">INST</subfield>
   <subfield code="b">UNIPILB</subfield>
   <subfield code="c">KET</subfield>
   <subfield code="e">20050623</subfield>
   <subfield code="h">ΚΕΤ 341.76 ΚΕΙ</subfield>
   <subfield code="p">00144812</subfield>
   <subfield code="q">00144812</subfield>
   <subfield code="t">LOAN</subfield>
   <subfield code="y">0</subfield>
   <subfield code="4">1</subfield>
  </datafield>
 </record>
</collection>
